000 00481nam a2200181Ia 4500
005 20250326143131.0
008 250326s9999 xx 000 0 und d
037 _aTextbook
040 _aFMSL
_beng
_cFMSL
041 _aeng
_2eng
084 _aX:5 g R P2.2 (2)
_qFMSL
245 0 _aHandbook of procedures
260 _aDelhi
_bDelhi, Controller
_c2002
300 _a477p
365 _b500/
942 _cTB
_hX:5 g R P2.2 (2)
999 _c1298243
_d1298243